Normal view
MARC view
Entry Personal Name
001 - CONTROL NUMBER
- control field: 6382
003 - CONTROL NUMBER IDENTIFIER
- control field: PK-LaUMT
005 - DATE AND TIME OF LATEST TRANSACTION
- control field: 20250617111419.0
008 - FIXED-LENGTH DATA ELEMENTS
- fixed length control field: 250617|| aca||aabn | a|a d
040 ## - CATALOGING SOURCE
- Original cataloging agency: PK-LaUMT
- Transcribing agency: PK-LaUMT
100 ## - HEADING--PERSONAL NAME
- Personal name: El-Khoury, Georges Y
670 ## - SOURCE DATA FOUND
- Source citation: Work cat.: (PK-LaUMT)137788: Anderson, Mark W. 6378, Sectional anatomy by MRI and CT /, 2025
